| 000 | 01143nam a2200361 i 4500 | ||
|---|---|---|---|
| 001 | 16247 | ||
| 003 | KOSZ 005 | ||
| 005 | 20210216142341.0 | ||
| 008 | 051110s1974 pl a f |000 0 pol | ||
| 015 | _aPB 1974/3295 | ||
| 040 |
_aWA N _cWA N _dKOSZ 005/HR |
||
| 041 | 0 | _apol | |
| 046 | _k1974 | ||
| 080 | _a621.316 | ||
| 100 | 1 |
_aGliński, Stanisław _eAutor |
|
| 245 | 1 | 0 |
_aUrządzenia elektryczne w obszarach zagrożonych wybuchami / _cStanisław Gliński. |
| 250 | _aWyd. 3. zaktual. i uzup. | ||
| 260 |
_aWarszawa : _bWydawnictwa Naukowo-Techniczne, _c1974. |
||
| 300 |
_a138, [2] s. : _bil., wykr. ; _c24 cm. |
||
| 380 | _aKsiążki | ||
| 388 | _a1901-2000 | ||
| 388 | _a1945-1989 | ||
| 504 | _aBibliogr. | ||
| 650 | 4 | _aElektrotechnika | |
| 650 | 4 | _aUrządzenia elektryczne | |
| 650 | 4 | _aGazy | |
| 650 | 4 | _aBezpieczeństwo | |
| 650 | 4 | _aWybuch | |
| 658 | _aInżynieria i technika | ||
| 710 | 2 |
_aWydawnictwa Naukowo-Techniczne _4pbl. |
|
| 856 |
_uhttp://koha.tu.koszalin.pl/cgi-bin/koha/opac-detail.pl?biblionumber=16247 _yKatalog online BPK |
||
| 942 |
_2UKD _cKS |
||
| 999 |
_c16247 _d16247 |
||